000 nam a22 7a 4500
999 _c10448
_d10448
008 180217b ||||| |||| 00| 0 eng d
100 _aSharma,B.S.etal.
_92463
245 _aNational Talent Search Examination-X
260 _aNew Delhi
_bS. Chand
_c2013